|
|
|
|
| LEADER |
01786nam a2200505 i 4500 |
| 001 |
nkc20203230614 |
| 003 |
CZ PrNK |
| 005 |
20210819101828.0 |
| 007 |
ta |
| 008 |
200612s2020 xr e p 000 0 cze |
| 015 |
|
|
|a cnb003230614
|
| 020 |
|
|
|a 978-80-87975-98-5
|q (kroužková vazba)
|
| 035 |
|
|
|a (OCoLC)1200256968
|
| 040 |
|
|
|a OLA001
|b cze
|e rda
|
| 072 |
|
7 |
|a 34
|x Právo
|2 Konspekt
|9 16
|
| 072 |
|
7 |
|a 37.016
|x Učební osnovy. Vyučovací předměty. Učebnice
|2 Konspekt
|9 22
|
| 080 |
|
|
|a 34:331.542
|2 MRF
|
| 080 |
|
|
|a 174
|2 MRF
|
| 080 |
|
|
|a 17:34
|2 MRF
|
| 080 |
|
|
|a (07)
|2 MRF
|
| 080 |
|
|
|a (072)
|2 MRF
|
| 245 |
0 |
0 |
|a Vybrané otázky profesní etiky v právnickém vzdělávání /
|c Tomáš Friedel (ed.)
|
| 264 |
|
1 |
|a Praha :
|b Právnická fakulta Univerzity Karlovy,
|c 2020
|
| 300 |
|
|
|a 131 stran ;
|c 30 cm
|
| 336 |
|
|
|a text
|b txt
|2 rdacontent
|
| 337 |
|
|
|a bez média
|b n
|2 rdamedia
|
| 338 |
|
|
|a svazek
|b nc
|2 rdacarrier
|
| 504 |
|
|
|a Obsahuje bibliografie a bibliografické odkazy
|
| 650 |
0 |
7 |
|a právnické profese
|7 ph124710
|2 czenas
|
| 650 |
0 |
7 |
|a etika povolání
|7 ph115887
|2 czenas
|
| 650 |
0 |
7 |
|a právní etika
|7 ph329308
|2 czenas
|
| 650 |
0 |
9 |
|a legal profession
|2 eczenas
|
| 650 |
0 |
9 |
|a professional ethics
|2 eczenas
|
| 650 |
0 |
9 |
|a legal ethics
|2 eczenas
|
| 655 |
|
7 |
|a učební texty
|7 fd133599
|2 czenas
|
| 655 |
|
7 |
|a metodické příručky
|7 fd132826
|2 czenas
|
| 655 |
|
9 |
|a educational texts
|2 eczenas
|
| 655 |
|
9 |
|a methodological manuals
|2 eczenas
|
| 700 |
1 |
|
|a Friedel, Tomáš,
|d 1988-
|7 mzk2014813418
|4 edt
|
| 910 |
2 |
|
|a BOA001
|b 4-1450.342
|
| 928 |
9 |
|
|a Univerzita Karlova, Právnická fakulta
|
| 990 |
|
|
|a BK
|
| 995 |
|
|
|a 01
|
| 991 |
|
|
|b 202007
|c NOV
|
| 996 |
6 |
|
|b 2610830117
|c 4-1450.342
|l MZK
|r Sklad / do 1 hodiny
|n 0
|p p.v.
|w 001811993
|u 000010
|a 1
|e BOA001
|j MZK50
|s P
|